El judio optimista : (Record no. 28780)

MARC details
000 -LEADER
campo de control de longitud fija 00583nam a22002057a 4500
001 - NÚMERO DE CONTROL
campo de control 00028745
005 - FECHA Y HORA DE LA ÚLTIMA TRANSACCIÓN
campo de control 20260413082311.0
008 - DATOS DE LONGITUD FIJA--INFORMACIÓN GENERAL
campo de control de longitud fija 260413b ag ||||| |||| 00| 0 spa d
020 ## - NÚMERO INTERNACIONAL ESTÁNDAR DEL LIBRO
Número Internacional Estándar del Libro 9789872584900
040 ## - FUENTE DE CATALOGACIÓN
Centro catalogador/agencia de origen AR-CcCEOS
Lengua de catalogación Español; Castellano
Centro/agencia transcriptor AR-CcCEOS
041 ## - CÓDIGO DE IDIOMA
Código de lengua del texto/banda sonora o título independiente Español; Castellano
080 ## - NÚMERO DE LA CLASIFICACIÓN DECIMAL UNIVERSAL
Número de la Clasificación Decimal Universal 296.3
090 ## - LOCALMENTE ASIGNADO TIPO-LC NÚMERO DE CLASIFICACIÓN (OCLC); NÚMERO DE CLASIFICACIÓN LOCAL (RLIN)
Número cutter local (OCLC) ; Número de libro/Signatura topográfica íntegra, CALL (RLIN) BIS
100 1# - ENTRADA PRINCIPAL--NOMBRE DE PERSONA
Nombre de persona Bisk, Tsvi,
Fechas asociadas al nombre 1943-
9 (RLIN) 1043
245 ## - MENCIÓN DEL TÍTULO
Título El judio optimista :
Resto del título Una visión positiva para el Pueblo Judio en el siglo XXI /
Mención de responsabilidad, etc. Tsvi Bisk
264 ## - PRODUCCIÓN, PUBLICACIÓN, DISTRIBUCIÓN, FABRICACIÓN Y COPYRIGHT
Producción, publicación, distribución, fabricación y copyright Argentina :
Nombre del de productor, editor, distribuidor, fabricante PROA,
Fecha de producción, publicación, distribución, fabricación o copyright c2010.
300 ## - DESCRIPCIÓN FÍSICA
Extensión 304 p. ;
Dimensiones 24x15 cm.
655 #0 - TERMINO DE INDIZACIÓN--GENERO/FORMA
Datos o término principal de género/forma judaísmo
9 (RLIN) 1044
942 ## - ELEMENTOS DE ENTRADA SECUNDARIOS (KOHA)
Fuente de la clasificación o esquema de estantería Clasificación decimal universal
Tipo de ítem Koha Libros
Suprimir en OPAC No
Holdings
Estatus retirado Estado de pérdida Fuente de la clasificación o esquema de estantería Estado de daño No para préstamo Biblioteca de origen Biblioteca actual Fecha de adquisición Número de inventario Total de préstamos Signatura topográfica completa Información codificada de la localización en otra ubicación Colección Código de barras Visto por última vez Precio de reemplazo Tipo de ítem Koha
    Clasificación decimal universal     Biblioteca Julio Serebrinsky Biblioteca Julio Serebrinsky 13/04/2026 46385   296.3 BIS SER 46385 13/04/2026 13/04/2026 Libros